Sistema internacional en la Post Guerra Fría 1989-2020. Tendencias a nivel mundial y de América Latina
محفوظ في:
| المؤلف الرئيسي: | |
|---|---|
| التنسيق: | غير معروف |
| اللغة: | الإنجليزية |
| منشور في: |
Santiago, Chile.
Pontificia Universidad Católica de Valparaíso; RiL editores,
2020
|
| الموضوعات: | |
| الوسوم: |
إضافة وسم
لا توجد وسوم, كن أول من يضع وسما على هذه التسجيلة!
|
MARC
| LEADER | 00000 a2200000 4500 | ||
|---|---|---|---|
| 003 | CL-VaPUC | ||
| 005 | 20230824080745.0 | ||
| 008 | 210624b ||||| |||| 00| 0 eng d | ||
| 999 | |c 433202 |d 433200 | ||
| 020 | |a 978-956-01-0809-8 | ||
| 040 | |c Pontificia Universidad Católica de Valparaíso | ||
| 082 | |a 327.1 ALL 2020 | ||
| 100 | |a Allard Neumann, Raúl |9 469383 | ||
| 245 | |a Sistema internacional en la Post Guerra Fría 1989-2020. Tendencias a nivel mundial y de América Latina | ||
| 260 | |a Santiago, Chile. |b Pontificia Universidad Católica de Valparaíso; |b RiL editores, |c 2020 | ||
| 300 | |a 139 páginas | ||
| 500 | |a c.3 y c.4. Donación Sr. Raúl Allard Neumann - Memo Nº004 / DER 02/11/2021. c.5. Donación Memo Nº27/23-8-2023 | ||
| 583 | |k Cristina Rojas |c 20210624 | ||
| 650 | |a Post guerra fría |y 1989-2020 |9 861924 | ||
| 650 | |a Política exterior |9 316628 | ||
| 650 | |a Relaciones internacionales |9 861925 | ||
| 942 | |2 ddc |c BK | ||
| 952 | |0 0 |1 0 |2 ddc |4 0 |6 327_100000000000000_ALL_2020 |7 1 |8 C_LRYV |9 578296 |a BIBDER |b BIBDER |d 2021-06-24 |e 22 |g 12999.50 |i 5585546 |o 327.1 ALL 2020 |p 5585546 |r 2023-01-25 |t 2 |v 12999.50 |w 2021-06-24 |y BK_X |k BRV | ||
| 952 | |0 0 |1 0 |2 ddc |4 0 |6 327_100000000000000_ALL_2020 |7 0 |8 A |9 578297 |a BIBDER |b BIBDER |d 2021-06-24 |e 22 |g 12999.50 |i 5585333 |l 2 |o 327.1 ALL 2020 |p 5585333 |r 2023-01-25 |s 2022-11-03 |t 1 |v 12999.50 |w 2021-06-24 |y BK |k DER | ||
| 952 | |0 0 |1 0 |2 ddc |4 0 |6 327_100000000000000_ALL_2020 |7 0 |8 A |9 591335 |a BIBDER |b BIBDER |c GEN |d 2023-08-24 |e Donación |i 5658429 |o 327.1 ALL 2020 |p 5658429 |r 2023-08-24 |t 5 |w 2023-08-24 |y BK |k DER | ||